000 01756cam a2200373 ia4500
003 SA-RiAUC
005 20250226100013.0
008 250226s2007 le g b 001 i ara c
020 _a9789953369941
024 0 _a00000000008911
040 _aIQ-KaIHL
_bara
_cSA-RiAUC
_dAE-Fuphi
_erda
050 4 _bR37 2007
082 0 4 _a816.6
_qSA-RiAUC
090 0 4 _a816.6
_b ا ب ن ح
100 1 _aابن حزم، علي بن أحمد بن سعيد،
_d384-456 هجري
_eمؤلف.
245 1 0 _aرسائل ابن حزم الأندلسي /
_cتحقيق إحسان عباس.
250 _aالطبعة الثانية.
264 1 _aبيروت :
_bالمؤسسة العربية للدراسات والنشر،
_c2007
264 2 _aعمان، الأردن :
_bدار الفارس للنشر والتوزيع
300 _a2 مجلد (358 ؛ 437 صفحة) ؛
_c25 × 18 سم.
336 _aنص
_btxt
_2rdacontent
_3كتاب
337 _aبدون وسيط
_bn
_2rdamedia
338 _aمجلد
_bnc
_2rdacarrier
490 0 _aسلسلة التراث
500 _aتصميم الغلاف : حلمي التوني ؛ تنفيذ الغلاف : زياد حمدان ؛ الصف الضوئي : المؤسسة العربية للدراسات والنشر ؛ التنفيذ الطباعي : رشاد برس.
500 _aكشاف : صفحة 257-345.
504 _aببليوجرافية : صفحة 346-352.
504 _aيشتمل على إرجاعات ببليوجرافية.
650 7 _aالرسائل العربية
_zالأندلس
_2aucsh
700 1 _aعباس، إحسان،
_d1920-2003
_eمحقق.
730 0 2 _aابن حزم، علي بن أحمد بن سعيد،
942 _2ddc
_cBOOK
_n0
949 _aSA-JeALM
_d250226
_ueid123
_n1
999 _c6224
_d6224